Personnages one piece avec les cheveux blancs - Statistiques

Statistiques générales
  • Ce quiz a été pris 842 fois
  • Le résultat moyen est 9 sur 16
Statistiques - réponses
Hint Réponse % Correct
l'enfumeur smoker
91%
se prend pour Oden KOZUKI yamato
85%
le bouddha après l'ellipse sengoku
83%
Traverse des océans à la nage rayleigh
77%
Fait la lessive tsuru
70%
semble apprécier presser le liquide corporel de ses subordonnés charlotte smoothie
60%
L'incendie king
60%
gentil majordome merry
57%
Tu veux connaitre le secret de sa jeunesse? kureha
47%
Chevauche Pierre gan forr
43%
Passionnée d’archéologie (euphémisme) nico olivia
42%
Fait du commerce d'enfants avec beaucoup de plaisir mother caramel
37%
Vieille ex-impératrice Nyon
37%
Dresseur semi-pro morge
32%
Se bat avec des nouilles wanze
31%
A tué l'incarnation de l'amour hody jones
10%
Aucun quiz correspondant
Distribution des résultats
% des personnes avec chaque résultat
Percentile par nombre de réponses
Votre historique - résultats
Vous n’avez pas pris ce quiz